00631nam a2200253Ia 4500008004100000040001200041082001800053082001500071100001900086245003100105260001300136260002400149300000700173300000600180300001400186530001700200563001000217600001900227630003100246650002900277650002100306700001900327730003100346160321s9999||||xx |||||||||||||| ||und|| cEnglish aXI.B Agrawala bBORI-26588 aV. S. Agrawala aIndia As Described By Manu aVaranasi bPrithivi Ptrakashan a55 cC eHardbound u00051297.pdf aStudy aV. S. Agrawala aIndia As Described By Manu a"Social History,Culture" aGeneral Indology aV. S. Agrawala aIndia As Described By Manu